| 000 | 00379nam a22001577a 4500 | ||
|---|---|---|---|
| 003 | SGT | ||
| 020 | _a978-0-720-6306-0 | ||
| 082 |
_a611 _bG16S |
||
| 100 | _aSTANDRING, SUSAN | ||
| 245 | _aGRAY'S ANATOMY: THE ANATOMICAL BASIS OF CLINICAL PRACTICE | ||
| 250 | _a41ST | ||
| 260 |
_aPHILADELPHIA _bELSEVIER _c2016 |
||
| 300 | _a1562 | ||
| 650 | _aANATOMY | ||
| 942 |
_2ddc _cBK _02 |
||
| 999 |
_c15531 _d15531 |
||